L'école dans le roman africain (notice n° 2174430)

détails MARC
000 -LEADER
fixed length control field 00930cam a2200133 4500500
005 - DATE AND TIME OF LATEST TRANSACTION
control field 20260405042102.0
041 ## - LANGUAGE CODE
Language code of text/sound track or separate title fre
042 ## - AUTHENTICATION CODE
Authentication code dc
100 10 - MAIN ENTRY--PERSONAL NAME
Personal name Alessandri, Brigitte
Relator term author
245 00 - TITLE STATEMENT
Title L'école dans le roman africain
260 ## - PUBLICATION, DISTRIBUTION, ETC.
Name of publisher, distributor, etc. L'Harmattan,<br/>
Date of publication, distribution, etc. 2005.<br/>
520 ## - SUMMARY, ETC.
Summary, etc. Les romanciers africains nous proposent une représentation riche et détaillée du système scolaire qui les a marqué, non seulement dans leur formation intellectuelle, mais dans leur chair. Cet ouvrage, à partir de leurs oeuvres, tente de brosser un portrait de l'école en Afrique francophone du début du siècle à nos jours : de René Maran et Thomas Mofolo à Ahmadou Kourouma et Moussa Konaté, en passant bien entendu par les grandes figures de proue tel Amadou Hampâté Bâ, Cheikh Hamidou Kane ou Mongo Beti.
856 41 - ELECTRONIC LOCATION AND ACCESS
Uniform Resource Identifier <a href="https://shs.cairn.info/L-ecole-dans-le-roman-africain--9782747575348?lang=fr&redirect-ssocas=7080">https://shs.cairn.info/L-ecole-dans-le-roman-africain--9782747575348?lang=fr&redirect-ssocas=7080</a>

Pas d'exemplaire disponible.

PLUDOC

PLUDOC est la plateforme unique et centralisée de gestion des bibliothèques physiques et numériques de Guinée administré par le CEDUST. Elle est la plus grande base de données de ressources documentaires pour les Étudiants, Enseignants chercheurs et Chercheurs de Guinée.

Adresse

627 919 101/664 919 101

25 boulevard du commerce
Kaloum, Conakry, Guinée

Réseaux sociaux

Powered by Netsen Group @ 2025